| 000 | 00972nam a2200253 4500 | ||
|---|---|---|---|
| 001 | 111707 | ||
| 003 | ES-MaACL | ||
| 007 | t| | ||
| 008 | 061121s1985 sp r ||||1| spa d | ||
| 020 | _a84-7444-193-5 | ||
| 130 | 0 |
_aLa OTAN al descubierto. _9122428 |
|
| 245 | 1 | 3 |
_aLa OTAN al descubierto _b: generales por la paz y el desarme : trece ex-generales de la OTAN analizan la estrategia nuclear de la Alianza Atlántica / _cprefacio del almirante Gene R. La Rocque ; introducción del general Michael N. Harbottle ; prólogo de Alberto Piris ; versión castellana Gonzalo Arias. |
| 250 | _a1ª. ed. | ||
| 260 |
_aMadrid : _bDebate, _c1985. |
||
| 300 |
_a222 p. ; _c21 cm. |
||
| 490 | 1 | _aBiblioteca verde | |
| 700 | 1 |
_aR. La Rocque, Gene. _994819 |
|
| 700 | 1 |
_aN. Harbottle, Michael. _984770 |
|
| 700 | 1 |
_aPiris, Alberto. _992345 |
|
| 700 | 1 |
_aArias, Gonzalo. _922747 |
|
| 830 | 0 |
_aBiblioteca verde _9185725 |
|
| 852 |
_aES-MaACL _jE-4832 |
||
| 999 |
_c111707 _d111707 |
||